Statistics for Flag Quiz 2

Click here to take the quiz!

General Stats

  • This quiz has been taken 19 times
  • The average score is 11 of 15

Answer Stats

Answer% Correct
India
100%
South Korea
100%
Kenya
95%
Laos
89%
Chile
79%
Palau
79%
Papua New Guinea
79%
Madagascar
74%
Guatemala
68%
Oman
68%
Central African Republic
63%
Greenland
63%
Mauritania
58%
Rwanda
58%
Anguilla
37%

Score Distribution

Percentile by Number Answered

Percent of People with Each Score

Your Score History

You have not taken this quiz